| 000 | 00544nam a22001817a 4500 | ||
|---|---|---|---|
| 003 | BD-DhUL | ||
| 005 | 20180402143028.0 | ||
| 008 | 180402s1954 pk ||||| |||| 00| 0 urd d | ||
| 040 |
_aBD-DhUL _cBD-DhUL |
||
| 082 |
_a390 _bSUI |
||
| 100 | 0 | _aسلیمان ندوی | |
| 245 | 1 |
_aاشتراکیت اور اسلام / _cسلیمان ندوی |
|
| 260 |
_aکراچی : _bمکتبۃ الشرق، _c۱۹۵۴۔ |
||
| 300 |
_aص۔ ۴۸ ؛ _c۲۰ سم۔ |
||
| 490 | _aسلسلۂ مطبوعات ؛ ۱۳۸۱ | ||
| 650 | 0 | _aCustoms | |
| 942 |
_2ddc _cBK |
||
| 999 |
_c239945 _d239945 |
||